[Event "Nanjing Pearl Spring 2nd"]
[Site "Nanjing"]
[Date "2009.09.28"]
[Round "1"]
[White "Carlsen, Magnus"]
[Black "Leko, Peter"]
[Result "1-0"]
[WhiteElo "2772"]
[BlackElo "2762"]
[Annotator "Carlsen,Magnus"]
[PlyCount "87"]
[EventDate "2009.09.28"]
[EventType "tourn"]
[EventRounds "10"]
[EventCountry "CHN"]
[EventCategory "21"]
[SourceTitle "CBM 133"]
[Source "ChessBase"]
[SourceDate "2009.11.19"]
[SourceVersion "1"]
[SourceVersionDate "2009.11.19"]
[SourceQuality "1"]

1. e4 e5 2. Nf3 Nc6 3. d4 $1 {The Scotch. Judging by the time spent by my opponent in the opening, as well as the position that arose, a good opening choice for this game! Schottisch. Nach der Bedenkzeit zu urteilen, die mein Gegner in der Eröffnung verbrauchte, sowie der Stellung, die sich ergab, eine gute Wahl für diese Partie!} exd4 4. Nxd4 Bc5 5. Be3 Qf6 6. c3 Nge7 7. Bc4 Ne5 8. Be2 Qg6 9. O-O d6 10. f4 $5 {An old move, seldom seen nowadays. Ein alter Zug, heutzutage selten gesehen.} Qxe4 11. Bf2 Bxd4 {For those who want to know why this and the next move are almost exclusively played here, I refer to other sources :)  Für diejenigen, die wissen wollen, wieso dieser und der nächste Zug an dieser Stelle fast ausschließlich gespielt werden, verweise ich auf andere Quellen :)} 12. cxd4 N5g6 13. g3 {This move was introduced by Morozevich against Kramnik, Monaco 2001. Dieser Zug wurde von Morozevich gegen Kramnik in die Praxis eingeführt, Monaco 2001.} ({Earlier games mostly saw In früheren Partien geschah überwiegend} 13. Nc3 Qxf4 14. Nb5 O-O 15. Nxc7 Rb8 {after which Black seldom had any problems. The text is the start of a more positional plan, aiming to clamp down on the black position with d5 and play for long-term compensation with the bishop pair. , wonach Schwarz selten irgendwelche Probleme hatte. Der Text ist der Auftakt zu einem positionelleren Plan, der darauf abzielt, mit d5 die schwarze Stellung einzuengen und auf langfristige Kompensation mit dem Läuferpaar zu spielen.}) 13... O-O $6 {An inaccurate move. Leko explained afterwards that since he had already spent quite a lot of time in the opening, he made this reflex move quicky, without realizing that it would give him a difficult position. Ein ungenauer Zug. Leko erklärte hinterher, dass er, da er bereits eine Menge Zeit in der Eröffnung verbraucht hatte, schnell diesen Reflexzug machte, ohne zu realisieren, dass er ihm eine schwierige Stellung einbringen würde.} (13... Bh3 14. Bf3 Qf5 15. Re1 d5 16. Qb3 {Is the critical continuation. Now both ist die kritische Fortsetzung. Möglich sind nun sowohl} O-O 17. Nc3 Bg4 18. Bxd5 {with a draw in Nakamura-Grischuk, played slightly later at the ECC in Ohrid, or the challenging 16... 0-0-0!? are possible. mit Remis in Nakamura-Grischuk, gespielt kurz darauf beim Europa-Cup in Ohrid, oder das anspruchsvollere 16... 0-0-0!?.}) ({RR} 13... Bh3 14. Bf3 Qf5 15. Re1 d5 16. Qb3 O-O 17. Nc3 c6 18. Qxb7 Rfb8 19. Qc7 Qf6 {½-½ (19) Morozevich,A (2749)-Kramnik,V (2802) Dortmund 2001}) 14. Nc3 Qf5 15. d5 {This is the position I was aiming for. I do not claim a real advantage for White here, but I think that it is much easier to play White here, as he has a lot of space, while Black is cramped, and finds it more difficult to find a way to arrange his pieces. Dies ist die Stellung, die ich angestrebt hatte. Ich beanspruche keinen wirklichen Vorteil für Weiß hier, aber ich denke, dass es hier wesentlich einfacher ist, Weiß zu spielen, da er eine Menge Raum hat, während Schwarz beengt steht und es ihm schwerer fällt, einen Weg zu finden, seine Figuren zu arrangieren.} a6 (15... Bd7 {was played a few days later in Ganguly-Acs, but that game didn't shake the evaluation of the position: Black was suffering in that game as well. geschah ein paar Tage später in Ganguly-Acs, aber diese Partie konnte die Einschätzung der Stellung nicht erschüttern: Auch in jener Partie hatte Schwarz zu leiden.}) 16. Re1 $146 ({RR} 16. Rc1 Bd7 17. Bf3 Rfe8 18. Qb3 b6 19. Ne2 Rac8 20. Nd4 Qf6 21. Rc3 Nf5 22. Nxf5 Bxf5 23. Rfc1 Qd8 24. Rc4 Bd7 25. Qc3 b5 26. Rxc7 Rxc7 27. Qxc7 Qxc7 28. Rxc7 Re7 29. Rb7 Bc8 30. Rb6 Rd7 {Hofmann,C (1984)-Duong,Y (1992) Kreuzlingen 2016 1-0 (31)}) 16... Kh8 $5 {An interesting idea. The knight is seeking greener pastures via the f6-square. Eine interessante Idee. Der Springer strebt über das Feld f6 zu grüneren Weiden.} (16... b5 17. a3 {is hardly a solution to the problems, as Black can never play ...b7 due to g4 f6 d4, trapping the black queen. ist kaum eine Lösung der Probleme, da Schwarz nie ...b7 spielen kann wegen g4 f6 d4 und die schwarze Dame ist gefangen.}) 17. Rc1 Bd7 18. Bf3 {A very useful move, preparing e2-d4, where the knight will occupy a dominant position. Ein sehr nützlicher Zug, e2-d4 wird vorbereitet, wo der Springer eine dominante Stellung einnehmen wird.} Rac8 19. Qb3 b5 20. Ne2 Qh3 21. Nd4 Bg4 $2 (21... Ng8 $1 {would have been a better choice, as Leko pointed out after the game. Black intends to play ...f6 without having to worry about c6, which was very strong in the game. wäre eine bessere Wahl gewesen, wie Leko nach der Partie hervorhob. Schwarz beabsichtig, ...f6 zu spielen, ohne sich wegen c6 sorgen zu müssen, was in der Partie sehr stark war.} 22. Nc6 Nf6 23. Bg2 Qf5 {and Black is definitely in the game. und Schwarz ist definitiv in der Partie.} (23... Qh5 24. Bd4 $16 {is weaker. ist schwächer.})) 22. Bg2 Qh5 23. h4 $1 {The key move. Now all the black pieces on the kingside look rather stupid, while the black queenside pawns are ripe for harvest. Der Schlüsselzug. Nun wirken alle schwarzen Figuren am Königsflügel ziemlich dämlich, während die schwarzen Damenflügelbauern reif zur Ernte sind} Ng8 $6 {Leko was already short on time, and desperately wanted to create counterplay. He missed my next move, having only counted on 24.a3.  Leko war bereits knapp and Zeit und wollte unbedingt Gegenspiel aufziehen. Er übersah meinen nächsten Zug, da er nur mit 24.a3 gerechnet hatte.} 24. Rc6 $1 (24. Qa3 Nf6 25. Qxa6 Nxd5 26. Qxb5 c5 {when Black is doing very well. It has to be said that Black had a very difficult position after other moves as well, as there is no simple way of stopping c3 and ec1, and c7 will drop. , wonach Schwarz sehr gut steht. Zu sagen ist, dass Schwarz auch nach anderen Zügen eine sehr schwierige Stellung hätte, da es keine einfache Möglichkeit gibt, c3 und ec1 zu stoppen, wonach c7 fallen wird.}) 24... Nf6 25. Rxa6 {Now b5 is also dropping, and White should be winning. My only worry was that the rook would remain out of play on a6, while black occupies the e-file. However, this is far-fetched, especially as Black might have problems with the back rank in some lines. Nun fällt auch noch b5, und Weiß sollte gewinnen. Meine einzige Sorge war, dass der Turm auf a6 aus dem Spiel bleiben würde, während Schwarz die e-Linie besetzt. Dies ist jedoch weit hergeholt, vor allem, da Schwarz in manchen Abspielen Probleme mit der Grundreihe hat.} Bd7 (25... Rfe8 26. Rxe8+ Rxe8 27. Ra7 $1 {is hopeless for Black. ist hoffnunglos für Schwarz.}) 26. Nxb5 Rb8 27. a4 Ng4 28. Bf3 Qh6 (28... Qf5 29. Be4 (29. Ra7 Nxf4 (29... Rfe8 30. Rxe8+ Rxe8 31. Nd4 $1 Qb1+ 32. Qd1) 30. gxf4 Nxf2 31. Kxf2 Qxf4 {is better for White, but gives some counterplay. ist besser für Weiß, gibt aber etwas Gegenspiel.}) 29... Qh5 30. Ra7 {looks like plain sailing for White. scheint für Weiß glatt zu laufen.}) 29. Qc4 {I spent quite a bit of time around here, trying to allow as little counterplay as possible. With this move I prevent ...xf2 xf2 xf4, while... Hier etwa verbrauchte ich einiges an Zeit bei dem Versuch, so wenig Gegenspiel wie möglich zu erlauben. Mit diesem Zug verhindere ich ...xf2 xf2 xf4, während...} Nxh4 {Desperation, but what else? Verzweiflung, aber was sonst?} (29... Nxf2 30. Kxf2 Nxh4 {is met by wird pariert mit} 31. Rh1 $1 (31. gxh4 $4 Qxh4+ 32. Kf1 Bh3+ {and Black wins, is not such a good idea. und Schwarz gewinnt ist keine so gute Ideee.})) 30. Bxg4 Bxg4 31. gxh4 Bf3 32. f5 {Now White is easily winning, and the only thing remaining was the pleasant task of making it to move 40 without blundering anything. Nun gewinnt Weiß leicht, und das Einzige, was noch blieb, war die angenehme Aufgabe, es bist zum 40. Zug zu schaffen, ohne etwas einzustellen.} Qh5 33. Qf4 Bxd5 34. Nxc7 Bb7 35. Rb6 f6 36. Bd4 Qf7 37. Ne6 Rg8 38. Kf2 Rbc8 39. Bc3 Bd5 40. a5 Rc4 41. Nd4 Ba8 42. Qxd6 Qh5 43. Qf4 Rcc8 44. Rbe6 {And Black finally resigned. My first win in a classical game against Leko! Und Schwarz gab endlich auf. Mein erster Sieg in einer klassischen Partie gegen Leko!} 1-0

[Event "Nanjing Pearl Spring 2nd"]
[Site "Nanjing"]
[Date "2009.10.01"]
[Round "4"]
[White "Jakovenko, Dmitrij"]
[Black "Carlsen, Magnus"]
[Result "0-1"]
[WhiteElo "2742"]
[BlackElo "2772"]
[Annotator "Ftacnik,Lubomir"]
[PlyCount "126"]
[EventDate "2009.09.28"]
[EventType "tourn"]
[EventRounds "10"]
[EventCountry "CHN"]
[EventCategory "21"]
[SourceTitle "CBM 133"]
[Source "ChessBase"]
[SourceDate "2009.11.19"]
[SourceVersion "1"]
[SourceVersionDate "2009.11.19"]
[SourceQuality "1"]

1. e4 c5 2. Nf3 d6 3. d4 cxd4 4. Nxd4 Nf6 5. Nc3 a6 6. Be2 e5 7. Nb3 Be7 8. O-O O-O 9. Be3 Be6 10. Qd2 Nbd7 11. a4 Nb6 12. a5 Nc4 13. Bxc4 Bxc4 14. Rfd1 Rc8 15. f3 {Jakovenko is not rushing the issue and intentionally sidesteps the main move with the transfer of the knight from b3. Presumably he was not too happy about the possibility of his opponent's counterplay with the ...d6-d5 advance.} (15. Nc1 d5 $5 {The quiet continuation is fine as well, but White tends to play for an advantage.} (15... Qc7 16. Nd3 (16. Bb6 Qc6 17. f3 h6 (17... Rfe8 18. N1a2 Bxa2 19. Rxa2 h6 20. Raa1 Qc4 21. Ra4 Qc6 22. Qd3 $14 {1-0 Barbulescu,D (2465)-Womacka,M (2375)/Eforie Nord 1984 (67)}) 18. Nd3 Bxd3 19. Qxd3 Qc4 20. Be3 Rc6 21. Qxc4 Rxc4 22. Kf1 {½-½ Karpov,A (2710)-Ostermeyer,P (2450)/Hannover 1983 (80)}) (16. N1e2 Bxe2 17. Qxe2 Qc4 18. Qf3 h6 19. Ra4 Qe6 20. Rb4 Rc7 21. Qe2 Rfc8 22. Qd3 Rd7 23. Nd5 Bd8 24. Qb3 Bxa5 25. Rxb7 Rxb7 26. Qxb7 Rxc2 27. Nxf6+ gxf6 28. b4 Rc7 29. Qb8+ Rc8 30. Qb7 Rc7 31. Qxa6 Bxb4 {1-0 Tal,M (2610)-Rodriguez,R (2415)/Moscow 1982 (41)}) (16. f3 Be6 17. Bb6 Qb8 18. N1a2 Nd7 19. Be3 f5 20. exf5 Rxf5 21. Nb4 Nf6 22. Nbd5 Bf8 23. Qd3 Rc6 24. Nxf6+ Rxf6 25. Nd5 $14 {0-1 Cernousek,L (2242)-Efimenko,Z (2439)/Balatonlelle 2001 (42)}) 16... Bxd3 (16... d5 17. Bb6 Qb8 18. exd5 Nxd5 19. Nxd5 Bxd5 20. Nxe5 Qxe5 21. Qxd5 Qxd5 22. Rxd5 Rxc2 23. Rd7 Bf6 24. Rxb7 Rxb2 25. Rd1 Bd4 26. Ra7 {½-½ Czarnota,P (2497)-Heberla,B (2487)/Krakow 2006}) 17. Qxd3 h6 18. Qe2 Qc4 19. Qf3 Rfe8 20. Ra4 Qc7 21. Qe2 Qd7 22. Rb4 Rc6 23. Nd5 Nxd5 24. Rxd5 $14 {½-½ Oral,T (2538)-Vokac,M (2451)/Czechia 2009 (45)}) 16. Bb6 Qe8 17. exd5 Bb4 18. N1a2 $2 (18. d6 Qd7 19. Nd3 Qxd6 $11) 18... Bxa2 19. Rxa2 Bxc3 20. bxc3 Ne4 21. Qd3 Nxc3 22. Raa1 Nxd1 23. Rxd1 Qd7 {0-1 Ivanov,O (2461)-Luzhinsky,V (2298)/Alushta 2009 (35)}) ({RR} 15. Bb6 Qe8 16. Nc1 d5 17. Nxd5 Nxe4 18. Nxe7+ Qxe7 19. Qe1 f5 20. b3 Bf7 21. c4 Rfe8 22. f3 Nc5 23. Qe3 Nd7 24. Nd3 Nxb6 25. axb6 e4 26. fxe4 fxe4 27. Nf4 Rc6 28. Nd5 Bxd5 29. Rxd5 Qe6 {Adams,M (2734)-Anand,V (2811) London 2011 ½-½ (49)}) 15... Rc6 ({RR} 15... Qd7 16. Na4 Qc6 17. Nb6 Rcd8 18. Qb4 Be6 19. c4 h6 20. Rac1 Nh7 21. Nd5 Bxd5 22. cxd5 Qd7 23. Nd2 f5 24. Nc4 fxe4 25. Nb6 Qf5 26. Qxe4 Qxe4 27. fxe4 Bg5 28. Re1 Rf7 29. Bxg5 Nxg5 30. h4 {Hou Yifan (2609)-Divya,D (2478) chess.com INT 2025 ½-½ (41)}) 16. Kh1 {Black was ready to employ tactics and push the d-pawn at a suitable moment.} (16. Nc1 d5 $1 17. exd5 Nxd5 18. Nxd5 Bxd5 19. Nd3 Qd6 20. b3 $11) 16... Qc8 $146 ({RR} 16... Nh5 17. Nc1 Qc8 18. Na4 f5 19. Nb6 Rxb6 20. axb6 fxe4 21. fxe4 Bh4 22. Nd3 Qg4 23. Rf1 Nf6 24. Rf3 Qxe4 25. Bg5 Bxg5 26. Qxg5 Bd5 27. Raf1 h6 28. Qg3 Kh7 29. Qf2 Ng4 30. Qg3 Rxf3 31. Qxf3 {Sandu,M (2268)-Barath,M (2307) Berlin 2018 1-0 (43)}) 17. Rac1 Rd8 18. Nd5 {The waiting game is over. Jakovenko is forced to close the centre in order to prevent the activity of the enemy pieces.} Bxd5 (18... Nxd5 $2 19. exd5 Rc7 20. Bb6 $14) 19. exd5 Rc4 20. Qd3 e4 $1 {Just in time Carlsen opens the new front along the e-file.} 21. fxe4 (21. Qe2 exf3 22. Qxf3 Rxc2 23. Bg5 Qc4 $15) 21... Rxe4 22. c4 Re8 23. Bg1 {White has not sensed the imperative necessity to react actively against the mounting concentration of black pieces.} (23. Nd2 Rh4 (23... Rg4 24. b4 Nd7 25. Nf3 $11) 24. Bd4 Nh5 (24... Qg4 25. Bxf6 Bxf6 26. Nf3 Rh5 27. Re1 Rf8 28. Rc2 $14) 25. Nf3 Rg4 26. Qc2 Bf6 $11) 23... Bf8 24. Nd4 $6 (24. Rf1 Qg4 25. h3 Qg5 26. Nd4 $11) 24... g6 25. Rf1 (25. b4 Bh6 $1 26. Rc2 Be3 27. Bxe3 Rxe3 28. Qf1 Qg4 $15) 25... Bh6 26. Qf3 (26. Rcd1 Ng4 $17) (26. Rc2 Ng4 $17) 26... Rf4 {Quite conciously Black is avoiding the immediate draw after the simple exchange of pieces.} (26... Bxc1 27. Qxf6 Bxb2 28. Qxf7+ Kh8 29. Qf6+ $11) 27. Qd3 Ng4 (27... Rxf1 28. Rxf1 Nd7 29. Nf3 Nc5 30. Qc2 Ne4 31. Bb6 f5 32. Kg1 $11) 28. Nf3 $2 {White is not objecting to the opponent's control of the e file. The exchange of the rooks was still keeping the position fairly even.} (28. Rxf4 Bxf4 29. Rf1 Be3 30. b3 $11) 28... Rfe4 29. Rc3 (29. Rc2 f5 $17) 29... Ne3 (29... Be3 $1 30. b4 Bxg1 31. Kxg1 Ne3 32. Re1 Qg4 33. Re2 Kf8 $17) 30. Re1 Qg4 31. Re2 Qh5 32. Bxe3 Rxe3 33. Rxe3 Bxe3 $2 {The role of the favourite is really difficult and sometimes forces players to take extreme risks. Naturally a better solution was to take on e3 with the rook.} (33... Rxe3 $1 34. Qd1 (34. Qc2 Rxc3 35. Qxc3 Qf5 $17) 34... Rxc3 35. bxc3 Bg7 36. h3 Qf5 $15) 34. Qe2 Qh6 35. c5 $1 dxc5 36. d6 Re6 $1 37. d7 Bg5 38. Qd1 $2 {The tables have turned and Jakovenko had a chance to become the master of the situation after the exchange of minor pieces.} (38. Nxg5 $1 Qxg5 39. Qd1 Qd8 40. Kg1 (40. Rxc5 $2 Qxd7 $19) 40... Re7 41. Rd3 $14) 38... Bd8 39. Rxc5 Qf8 40. Rd5 $6 {The last move before the time control is often critical. Carlsen will get a chance to activate his major pieces.} (40. Rc8 $2 Rd6 $1 $17) (40. Qd4 Rd6 41. Rd5 Rxd5 42. Qxd5 Qb4 43. b3 (43. h3 Qxb2 44. Ne5 Qc1+ 45. Kh2 Qf4+ 46. Kg1 Kg7 $15) 43... Qxa5 44. Qxb7 Qa1+ 45. Ng1 $11) 40... Qb4 41. b3 (41. Qc1 Re2 42. Rc5 Qa4 (42... Qg4 43. Qf1 Rxb2 44. Ne5 Qf5 45. Qxf5 gxf5 46. Kg1 Kf8 47. Rc8 Ke7 48. Nxf7 Kxd7 49. Rxd8+ Ke7 $11) 43. Ng1 Re4 44. Rd5 $15) 41... Re3 42. Nd2 Qc3 43. Nf3 (43. Qb1 f5 44. Qf1 Re5 $15) 43... Qb4 {Blinded by the heat of the fight both players are mysteriously ignoring the possibility to eliminate the b3-pawn.} (43... Qxb3 $1 44. Kg1 Qxd1+ 45. Rxd1 Kf8 46. Rb1 Ke7 47. Rxb7 Re6 $17) 44. Nd2 Qf4 45. Nf3 (45. Kg1 Qh4 46. Nf3 Qb4 47. Nd2 Qh4 $11) 45... Rc3 46. Qe2 (46. Nd2 f5 47. h3 Kf7 $15) 46... Qe3 47. Qxe3 Rxe3 48. Rd4 {Yet another phase of the game is over and White has found himself in an unpleasant position despite the threatening d7-pawn.} (48. Kg1 f6 (48... Rxb3 49. Re5 $1 Kg7 50. Re8 Bxa5 51. d8=Q Bxd8 52. Rxd8 a5 $11) 49. Rd4 Kf7 50. Rb4 Ke7 51. Rxb7 Bxa5 52. Nd4 Rc3 53. Kf2 h5 54. b4 Bd8 55. b5 axb5 56. Nxb5 $15) 48... Kf8 (48... Rxb3 49. Re4 Rb1+ 50. Ng1 Bxa5 51. Re8+ Kg7 52. d8=Q Bxd8 53. Rxd8 h5 (53... a5 54. Ra8 Ra1 55. Rb8 $11) 54. Ra8 g5 $17) 49. Rb4 $2 {There was no easy solution to White's problems, but the chosen path is worse than the alternative.} (49. Kg1 Ke7 50. b4 f5 51. Ng5 (51. Kf2 Re4 52. Rxe4+ fxe4 53. Nd4 Kxd7 54. Ke3 Be7 55. b5 Bb4 56. bxa6 bxa6 57. Nb3 Kc6 $17) 51... b6 52. Nxh7 bxa5 53. bxa5 Bxa5 54. Nf8 Kxf8 55. d8=Q+ Bxd8 56. Rxd8+ Kg7 $15) 49... Rd3 $1 50. Rxb7 Rd1+ 51. Ng1 Bxa5 52. g4 {One more level of uncertainty is gone. White will be struggling in the endgame without the a-pawn.} (52. b4 Bd8 53. g3 (53. Ra7 $6 Bb6 54. d8=Q+ Bxd8 55. Rxa6 Bg5 $1 56. Ra3 Re1 $19) 53... Ke7 $17) 52... Ke7 53. Kg2 Rxd7 54. Rxd7+ Kxd7 55. Kf3 (55. Nf3 Bd8 56. Kf2 Kd6 $17) 55... Kd6 56. Ke4 Kc5 57. Kd3 Kd5 58. Nf3 Bd8 59. h3 h6 60. h4 $2 {White's position is objectively hopeless, but Carlsen would have to work hard on converting his advantage to the full point. Exposing the pawn by moving to a square of the same colour as the bishop will significantly shorten the defender's suffering.} (60. Ke3 Bb6+ 61. Kf4 Bf2 $17) (60. Nd4 Bb6 61. Nf3 Bc5 62. Ne1 Ke5 63. Ng2 Ba7 64. Kd2 (64. b4 Bb6 65. Ne1 Kf4 66. Ke2 Kg3 67. Nd3 Kxh3 68. Kf3 Bd8 69. Nc5 g5 70. Nxa6 f5 $19) 64... Ke4 65. Ke2 Bd4 66. Ne1 Kf4 67. Nf3 Bb6 68. Nd2 Kg3 69. Ne4+ Kxh3 70. Kf3 Bc7 71. Nf6 (71. Nc5 a5 72. Nd7 Kh4 73. Nf6 Bd8 74. Nd5 h5 $19) 71... Kh4 72. Ne4 (72. Nd5 Be5 73. Nb4 Bd6 74. Nd5 Kg5 $19) 72... g5 73. Nf6 Bd8 74. Nd5 h5 $19) 60... h5 $1 61. gxh5 (61. g5 Bb6 62. Nd2 Bf2 63. Nf3 Ba7 64. Nd2 Ke5 $19) 61... gxh5 62. Ke3 Kc5 63. Kd3 (63. Ke4 Kb4 64. Ne5 Bxh4 65. Nxf7 Kxb3 66. Nd6 Bf6 67. Nb7 Kb4 $19) 63... Kb4 {Zugzwang is a sufficient reason for abandoning the resistance.} (63... Kb4 64. Kc2 Bf6 $1 $19) 0-1